| 000 | 00000nam##2200000za#4500 |
| 001 | 9.602572 |
| 003 | CaOODSP |
| 005 | 20230801131717 |
| 007 | cr ||||||||||| |
| 008 | 150406|2008||||xxc|||||o f|0| 0 fre|d |
| 040 | |aCaOODSP|bfre |
| 043 | |an-cn--- |
| 086 | 1 |aPS83-5/B39F-PDF |
| 110 | 2 |aService correctionnel Canada. |bDirection de la recherche. |
| 245 | 10|aProfil des délinquants en isolement préventif : |h[ressource électronique]|banalyse documentaire / |cpréparé par Kim Allenby. |
| 260 | |bService correctionnel Canada. |cNovembre 2008. |
| 300 | |a1p.|bréférences |
| 490 | 1 |aRecherche en un coup d'oeil|vB39 |
| 500 | |aPour le Rapport de synthèse associé, veuillez consulter PS83-6/39F-PDF. |
| 504 | |aBibliographie. |
| 590 | |a11-27-Supp|b2011-11-15 |
| 720 | 1 |aAllenby, Kim |
| 775 | 08|tProfile of offenders in administrative segregation : |w(CaOODSP)9.572160 |
| 830 | #0|aRecherche en un coup d'œil (Service correctionnel Canada)|vB39|w(CaOODSP)9.503037 |
| 856 | 40|ahttp://publications.gc.ca|qPDF|s107 Ko|uhttps://publications.gc.ca/collections/collection_2011/scc-csc/PS83-5-B39-fra.pdf|yB39 |